000 00779nam a2200241Ia 4500
003 OSt
005 20220923213221.0
006 a|||||r|||| 00| 0
007 ta
008 220922b |||||||| |||| 00| 0 hin d
024 _a159,909
037 _cTextual
040 _aARTS
_cARTS
_bhin
041 _2hin
_ahin
082 _aO152,3:g, J6
100 _aटण्डन, प्रतापनारायण
245 0 _aहिन्दी उपन्यास में वर्ग भावना
246 _aHindī upanyās mean varga bhāvanā
260 _c1956
650 _aहिन्दी साहित्य
_9156264
942 _hO152,3:g, J6
_cTEXL
_2CC
999 _c314656
_d314656